[Event "Challengers' Cup"]
[Site "Seattle, WA"]
[Date "2013.10.26"]
[Round "3"]
[White "Allen Robert  (WA)"]
[Black "Gulamali Freya  (WA)"]
[Result "1-0"]
[WhiteElo "1714"]
[BlackElo "1321"]
[Annotator ""]
[Source ""]
[Remark "Reserve"]

1.d4 d5 2.c4 c6 3.Nc3 Nf6 4.Nf3 Nbd7 5.Bg5 e6 6.e3 Qa5 7.Nd2
Bb4 8.Qc2 Bxc3 9.bxc3 Qc7 10.Bd3 h6 11.Bh4 b6 12.Nf3 Ba6 13.cxd5
Bxd3 14.Qxd3 cxd5 15.Bg3 Qc8 16.Bd6 Ne4 17.Ba3 Qxc3+ 18.Qxc3
Nxc3 19.Rc1 Ne4 20.O-O a5 21.Rc7 b5 22.Rfc1 b4 23.Bb2 O-O 24.Rxd7
Rfc8 25.Rcc7 Nc3 26.Rxf7 Rxc7 27.Rxc7 Nxa2 28.Nd2 a4 29.Rc2 b3
30.Nxb3 axb3 31.Rc6 Nb4 32.Rc3 Rb8 33.Rxb3 Nc6 34.Rxb8+ Nxb8
35.Kf1 g6 36.Ke2 Kf7 37.Kf3 h5 38.Ba3 Nc6 39.Bd6 Kf6 40.h4 Kf5
41.Kg3 Nd8 42.f3 Nf7 43.Bc7 Nh8 44.Kh3 Nf7 45.g4+ hxg4+ 46.fxg4+
Ke4 47.Bf4 Nh8 48.h5 gxh5 49.gxh5 Nf7 50.Kg4 e5 51.dxe5 Nxe5+
52.Bxe5 Kxe5 53.h6 Kf6 54.Kf4 Kg6 55.Ke5 d4 56.exd4 Kxh6 57.Kf6
Kh7 58.d5 Kh6 59.d6 Kh7 60.d7 Kh6 61.d8Q Kh7 62.Qd7+ Kh6 63.Qh3# 1-0

[Event "Challengers' Cup"]
[Site "Seattle, WA"]
[Date "2013.10.27"]
[Round "5"]
[White "Smith Catherine M  (WA)"]
[Black "Allen Robert  (WA)"]
[Result "0-1"]
[WhiteElo "1605"]
[BlackElo "1714"]
[Annotator ""]
[Source ""]
[Remark "Reserve"]

1.e4 c5 2.Nf3 d6 3.Bc4 Nf6 4.e5 dxe5 5.Nxe5 e6 6.Bb5+ Bd7 7.Bxd7+
( 7.Nxd7 Nbxd7 8.Nc3 a6 9.Be2 Bd6 10.d4 cxd4 11.Qxd4 Qc7 12.Bd2
O-O 13.Qh4 Rfc8 14.O-O Nf8 15.Bd3 Ng6 16.Bxg6 hxg6 17.Rae1 Qc4
18.f4 Qc5+ 19.Kh1 Qh5 20.Qg3 Qf5 21.Rc1 b5 22.a3 Rc4 23.Ne2 Rxc2
24.Nd4 Rxc1 25.Rxc1 Qd5 26.Nf3 Ne4 27.Qe1 Nxd2 28.Rd1 Nxf3 29.Rxd5
Nxe1 30.Rxd6 {0-1, Stojanovic Andjelija (SCG) 2111 - Rabineau Clement (FRA) 2120, France 2001}
) Nbxd7 8.Ng4 Bd6 9.Nc3 O-O 10.d3 Nxg4 11.Qxg4 Nf6 12.Qf3 Qd7
13.Bf4 Bxf4 14.Qxf4 Nd5 15.Nxd5 exd5 16.O-O Rfe8 17.Rfe1 Re6
18.Kf1 Rf6 19.Qe3 Qc6 20.Re2 Re6 21.Qd2 Rh6 22.Qf4 Rf6 23.Qg3
Rg6 24.Qf3 Qd6 25.Rae1 Re6 26.g3 Rae8 27.Qh5 Rxe2 28.Rxe2 Rxe2
29.Kxe2 Qe6+ 30.Kd2 g6 31.Qe2 Kg7 32.Qe3 d4 33.Qxe6 fxe6 34.Ke2
Kf6 35.Kf3 Kf5 36.g4+ Ke5 37.g5 Kf5 38.h4 Ke5 ( 38...e5 ) 39.a4
b6 40.c4 dxc3 41.bxc3 Kd5 42.Ke3 c4 43.f4 a6 44.dxc4+ Kxc4 45.Ke4
Kxc3 46.Ke5 b5 47.axb5 axb5 48.Kf6 b4 49.Kg7 b3 50.Kxh7 b2 51.Kxg6
b1Q+ 52.Kh6 Qf5 53.Kh5 Qxf4 54.g6 Qf5+ 55.Kh6 Qf6 56.h5 Qh8+
57.Kg5 Kd4 58.h6 Qe5+ 59.Kh4 Qf6+ 0-1

[Event "Challengers' Cup"]
[Site "Seattle, WA"]
[Date "2013.10.27"]
[Round "4"]
[White "Lee Boas  (WA)"]
[Black "Allen Robert  (WA)"]
[Result "0-1"]
[WhiteElo "1749"]
[BlackElo "1714"]
[Annotator ""]
[Source ""]
[Remark "Reserve"]

1.c4 Nf6 2.Nc3 g6 3.g3 d5 4.cxd5 Nxd5 5.Bg2 Nxc3 6.bxc3 Bg7 7.Nf3
O-O 8.O-O c5 9.Rb1 Nc6 10.e3 Rb8 11.d4 cxd4 12.cxd4 b6 13.Ba3
Bg4 14.Qa4 Bd7 15.Qa6 Bc8 16.Qe2 Bb7 17.Rfd1 Rc8 18.d5 Na5 19.d6
exd6 20.Bxd6 Re8 21.Be5 Qe7 22.Bd6 Qf6 23.Bf4 Be4 24.Rbc1 Rc6
25.Rxc6 Qxc6 26.Nd4 {??} Bxd4 27.Bxe4 Qxe4 28.Rxd4 Qxd4 0-1

[Event "Challengers' Cup"]
[Site "Seattle, WA"]
[Date "2013.10.27"]
[Round "4"]
[White "Collyer Curt  (WA)"]
[Black "Sinanan Joshua  (WA)"]
[Result "1/2-1/2"]
[WhiteElo "2281"]
[BlackElo "2244"]
[Annotator ""]
[Source ""]
[Remark "Open"]

1.Nf3 Nf6 2.b3 b5 3.e3 a6 4.c4 b4 5.a3 c5 6.axb4 cxb4 7.d4 e6
8.Bd3 d5 9.Nbd2 Bb7 10.Qc2 Be7 11.Bb2 O-O 12.O-O a5 13.Ra2 h6
14.Rfa1 Nc6 15.cxd5 exd5 16.Ne5 Nxe5 17.dxe5 Nd7 18.Bd4 Rc8 19.Qb1
Ra8 20.Nf3 Nc5 21.Bf5 Qb6 22.e6 fxe6 23.Bh7+ Kh8 24.Bxg7+ Kxg7
25.Qg6+ Kh8 26.Qxh6 ( 26.Bg8 Rf7 27.Bxf7 e5 28.Qxb6 {+-} ) Rf7
27.Bg6+ Kg8 28.Bxf7+ Kxf7 29.Qh5+ Kg7 30.Ne5 Rf8 31.Qg6+ Kh8
32.Qh6+ Kg8 33.Qg6+ Kh8 34.Qh6+ 1/2-1/2

[Event "Challengers' Cup"]
[Site "Seattle, WA"]
[Date "2013.10.27"]
[Round "4"]
[White "Nagase Masayuki  (WA)"]
[Black "Haining Kyle  (WA)"]
[Result "1/2-1/2"]
[WhiteElo "1910"]
[BlackElo "2043"]
[Annotator ""]
[Source ""]
[Remark "Open"]

1.d4 g6 2.c4 Bg7 3.Nc3 Nf6 4.e4 d6 5.f3 O-O 6.Be3 Nbd7 7.Qd2
c5 8.Bd3 a6 9.Nge2 cxd4 10.Nxd4 Ne5 11.Be2 b6 12.O-O Bb7 13.Rfe1
Rc8 14.b3 e6 15.Rad1 Qc7 16.Rc1 Rfd8 17.Bf1 Qb8 18.Nc2 Ned7 19.Red1
Bf8 20.Bd3 Bg7 21.h3 d5 22.exd5 exd5 23.Nxd5 Nxd5 24.cxd5 Nc5
25.Be4 f5 26.b4 Na4 27.d6 fxe4 28.d7 Rc3 29.Bg5 Rd3 30.Bxd8 Qxd8
31.Qf4 Qxd7 32.Qb8+ Bf8 33.Rf1 Nc3 34.Rce1 Qc8 35.Qxc8 Bxc8 36.fxe4
Bb7 37.e5 Ne4 38.Rf4 Rd2 39.Ref1 Bh6 40.Rf7 Bc6 41.Rc7 Bb5 42.Re1
Bd3 43.Nd4 Bf4 44.Rc8+ Kf7 45.e6+ Ke7 46.Ra8 Bg3 47.Ra7+ Kf6
48.Rf7+ Ke5 49.e7 Kxd4 1/2-1/2

[Event "Challengers' Cup"]
[Site "Seattle, WA"]
[Date "2013.10.27"]
[Round "4"]
[White "Kelley Dereque  (WA)"]
[Black "Greninger Harley  (WA)"]
[Result "1/2-1/2"]
[WhiteElo "2221"]
[BlackElo "2163"]
[Annotator ""]
[Source ""]
[Remark "Open"]

1.d4 d5 2.c4 c6 3.Nc3 Nf6 4.e3 e6 5.Nf3 Nbd7 6.Qc2 b6 7.b3 Bb7
8.Bd3 Rc8 9.Qe2 Bb4 10.Bb2 Ne4 11.Bxe4 dxe4 12.Nd2 f5 13.a3 Bd6
14.b4 O-O 15.c5 Bc7 16.f4 Nf6 17.O-O-O a5 18.g4 axb4 19.axb4
Nd5 20.Nxd5 Qxd5 21.Rhg1 Bd8 22.Rg3 g6 23.Qc4 Ra8 24.gxf5 Qxc4+
25.Nxc4 exf5 26.Nd6 Ba6 27.d5 bxc5 28.bxc5 Bd3 29.dxc6 Ba5 30.h4
Ra6 31.Nb7 Rxc6 32.Bd4 Bb4 33.h5 Ba3+ 34.Kd2 Bb4+ 35.Kc1 Ba3+ 1/2-1/2

[Event "Challengers' Cup"]
[Site "Seattle, WA"]
[Date "2013.10.27"]
[Round "4"]
[White "Norovsambuu Badamkhand  (WA)"]
[Black "Gelb Nicolo R  (WA)"]
[Result "1/2-1/2"]
[WhiteElo "2080"]
[BlackElo "1941"]
[Annotator ""]
[Source ""]
[Remark "Open"]

1.d4 d5 2.c4 c6 3.Nc3 e6 4.cxd5 exd5 5.Nf3 Bd6 6.Bg5 Qb6 7.Qc2
Bg4 8.e3 Nd7 9.Bd3 Ngf6 10.Bxf6 Nxf6 11.Rb1 a5 12.h3 Bh5 13.Nh4
Bg6 14.Nf5 Bxf5 15.Bxf5 g6 16.Bd3 O-O 17.O-O Rfe8 18.Rbc1 Bb8
19.Be2 Qc7 20.g3 Rxe3 21.Bd1 Ne4 22.Nxd5 Rxg3+ 23.fxg3 Qxg3+
24.Qg2 cxd5 25.Rc8+ Kg7 26.Qxg3 Nxg3 27.Bf3 Nf5 28.Kh1 Ng3+ 29.Kg2
Nf5 30.Re8 Nd6 31.Rd8 Nf5 32.Kh1 Ng3+ 33.Kg1 Nf5 34.Kh1 Ng3+
35.Kg2 Nf5 36.Bxd5 Ne3+ 37.Kf2 Bg3+ 38.Kxe3 Rxd8 39.Rxf7+ Kh6
40.Bxb7 Rd6 41.Be4 Bh2 42.Kd3 Be5 43.d5 Bxb2 44.Ra7 a4 45.Rxa4
Kg5 1/2-1/2

[Event "Challengers' Cup"]
[Site "Seattle, WA"]
[Date "2013.10.27"]
[Round "4"]
[White "Dutton Carl  (WA)"]
[Black "Robeal Rafik  (WA)"]
[Result "1-0"]
[WhiteElo "1745"]
[BlackElo "1753"]
[Annotator ""]
[Source ""]
[Remark "Open"]

1.e4 c5 2.Nf3 d6 3.d4 cxd4 4.Nxd4 Nf6 5.Nc3 a6 6.f3 e5 7.Nb3
Be6 8.Be3 Nbd7 9.Qd2 Be7 10.O-O-O b5 11.g4 h6 12.h4 Qc7 13.Kb1
Nb6 14.h5 Nfd7 15.g5 b4 16.Nd5 Nxd5 17.exd5 Bf5 18.gxh6 gxh6
19.Bh3 Bxh3 20.Rxh3 Rc8 21.Rh2 a5 22.Bxh6 a4 23.Nc1 Nb6 24.Bg7
Nc4 25.Qxb4 Rb8 26.Qxa4+ Kd8 27.Nb3 Rh7 28.h6 Ne3 29.Rd3 Bg5
30.Rc3 Qb7 31.Qc6 Qxc6 32.dxc6 Kc7 33.Re2 Nd5 34.Rc4 Rg8 35.a3
Nf4 36.Rxe5 Rhxg7 37.Ra5 Bxh6 38.Ra7+ Kc8 39.c7 Nd5 40.Ra8+ Kb7
41.c8Q+ Rxc8 42.Rcxc8 Rg1+ 43.Ka2 Rg5 1-0

[Event "Challengers' Cup"]
[Site "Seattle, WA"]
[Date "2013.10.27"]
[Round "4"]
[White "Tiglon Bryce  (WA)"]
[Black "Bragg David  (WA)"]
[Result "1/2-1/2"]
[WhiteElo "2155"]
[BlackElo "2200"]
[Annotator ""]
[Source ""]
[Remark "Open"]

1.e4 c5 2.Nf3 d6 3.d4 cxd4 4.Qxd4 Nc6 5.Bb5 a6 6.Bxc6+ bxc6 7.O-O
e5 8.Qa4 Qc7 9.Nc3 ( 9.Nbd2 Nf6 10.Re1 Be7 11.Nc4 O-O 12.Qb3
Rb8 13.Qd3 Be6 14.Bg5 Bxc4 15.Qxc4 Rxb2 16.Bxf6 Bxf6 17.Qxa6
Rxc2 18.Rac1 Rxc1 19.Rxc1 c5 20.Rb1 Rb8 21.Rxb8+ Qxb8 22.h3 h6
23.a4 Qc7 24.a5 c4 25.Qb6 Qxb6 26.axb6 Bd8 27.b7 Bc7 28.Kf1 g6
29.Ke1 f5 30.exf5 gxf5 31.g4 fxg4 32.hxg4 Kf7 33.Kd1 Ke7 34.Nd2
d5 35.Kc2 Kd7 36.Nf3 Kc6 37.Nxe5+ Bxe5 38.b8Q Bxb8 39.Kc3 Kc5
40.f3 d4+ 41.Kd2 d3 42.Kc3 Be5+ 43.Kd2 Kd4 44.Kc1 c3 45.Kd1 c2+
46.Kc1 Kc3 {0-1, Martinez Alonso Nicolas - Alvarez Ballesteros Pablo, Aviles (Spain) 2006.08.06}
) Nf6 10.Bg5 Be7 11.Rad1 Bd7 12.Rd3 O-O 13.Rfd1 Bg4 14.Bxf6 gxf6
15.Nh4 Bxd1 16.Nxd1 Kh8 17.Nf5 Rg8 1/2-1/2

[Event "Challengers' Cup"]
[Site "Seattle, WA"]
[Date "2013.10.27"]
[Round "5"]
[White "Haining Breck  (WA)"]
[Black "Wilson Diallo  (WA)"]
[Result "0-1"]
[WhiteElo "1395"]
[BlackElo "1743"]
[Annotator ""]
[Source ""]
[Remark "Reserve"]

1.e4 e5 2.Nf3 Nc6 3.Nc3 Bc5 4.Bc4 d6 5.Ne2 Bg4 6.Ng3
( 6.Ng3 Nf6 7.Be2 Qd7 8.d3 h5 9.h4 O-O-O 10.c3 Nh7 11.Nd2 Nf6
12.Nb3 Bb6 13.Nf1 Bxe2 14.Qxe2 Ng4 15.Be3 f5 16.Bxb6 axb6 17.f3
Nf6 18.g3 Rdg8 19.O-O-O g5 20.Nfd2 gxh4 21.gxh4 Rg3 22.Rdg1 Rhg8
23.Qf2 f4 24.Nf1 R3g6 25.Rxg6 Rxg6 26.d4 Qg7 27.Rh2 Rg1 28.Kc2
Qg6 29.Nc1 Qg8 30.Ne2 Rg7 31.d5 Nb8 32.Nd2 Na6 33.b3 Nc5 34.c4
Ncxe4 35.fxe4 Ng4 36.Qg2 Nxh2 {0-1, Zandbergen Bas - Gerritse Xanthine, Hengelo (Netherlands) 1996}
) Nd4 7.Nf5 Nxf5 8.exf5 Bxf5 9.d4 exd4 10.Nxd4 Bg6 11.O-O Ne7
12.c3 O-O 13.Bg5 d5 14.Bxe7 Bxe7 15.Bd3 Bxd3 16.Qxd3 c6 17.Nf5
Bf6 18.Rfe1 g6 19.Nh6+ Kh8 20.Re2 Bg7 21.Ng4 Qg5 22.h3 Rae8 23.Qc2
Re6 24.Rae1 Rfe8 25.Re3 h5 26.Nh2 Rxe3 27.fxe3 Rxe3 28.Rf1 Qe7
29.Qf2 Re2 30.Qxf7 Qxf7 31.Rxf7 Rxb2 32.a4 Bxc3 33.Nf3 Kg8 34.Rd7
Bf6 35.Ne1 Bd4+ 36.Kf1 Rf2+ 0-1

[Event "Challengers' Cup"]
[Site "Seattle, WA"]
[Date "2013.10.27"]
[Round "4"]
[White "He Samuel  (WA)"]
[Black "He Daniel  (WA)"]
[Result "1/2-1/2"]
[WhiteElo "2048"]
[BlackElo "2209"]
[Annotator ""]
[Source ""]
[Remark "Open"]

1.e4 c5 2.Nf3 b6 3.d4 cxd4 4.Nxd4 Bb7 5.Bd3 a6 6.O-O e6 7.Qe2
Qc7 8.Nc3 d6 9.h3 ( 9.Bg5 Nd7 10.Rad1 Ngf6 11.Bc4 Nc5 12.Rfe1
b5 13.Bxb5+ axb5 14.Ndxb5 Qb8 15.Bxf6 gxf6 16.Qc4 Be7 17.b4 Nd7
18.Nc7+ Kf8 19.Nxa8 Bxa8 20.a4 Kg8 21.f4 f5 22.Rd2 fxe4 23.Nd1
d5 24.Qb5 Qa7+ 25.Kh1 d4 26.c4 e3 27.Nxe3 dxe3 28.Rxd7 Bxg2+
29.Kg1 Qxd7 30.Qb8+ Bd8 31.Rxe3 Qd1+ 32.Kf2 {0-1, Endthaler Arnold (AUT) 2094 - Muehlbacher Bernhard (AUT) 2094, Austria 2006.10.22}
) Nd7 10.Bg5 Ngf6 11.Nb3 Be7 12.Rad1 O-O 13.Kh1 b5 14.f4 Rac8
15.a3 h6 16.Bh4 Nc5 17.Nxc5 Qxc5 18.Qf2 Qxf2 19.Bxf2 Rfe8 20.Rfe1
d5 21.e5 Nd7 22.Bd4 g6 23.Ne2 h5 24.c3 Red8 25.g3 Nc5 26.Bxc5
Bxc5 27.Nd4 1/2-1/2

[Event "Challengers' Cup"]
[Site "Seattle, WA"]
[Date "2013.10.27"]
[Round "3"]
[White "Gelb Nicolo R  (WA)"]
[Black "Pupols Viktors  (WA)"]
[Result "1-0"]
[WhiteElo "1941"]
[BlackElo "2200"]
[Annotator ""]
[Source ""]
[Remark "Open"]

1.e4 e5 2.Nf3 Nc6 3.Bb5 a6 4.Ba4 Nf6 5.O-O Nxe4 6.d4 b5 7.Bb3
exd4 8.Nxd4 Nc5 9.Nxc6 Qf6 10.Ne5 Nxb3 11.axb3 Be7 12.Qf3 Qxf3
13.Nxf3 Bb7 14.Re1 f6 15.Bf4 Kf7 16.Nc3 d6 17.Rad1 Rae8 18.Nd5
Bd8 19.Kf1 g5 20.Be3 h5 21.b4 h4 22.h3 Kg6 23.Nc3 g4 24.Ng1 f5
25.Bd4 Bf6 26.Bxf6 Kxf6 27.Nd5+ Bxd5 28.Rxd5 Re5 29.Rexe5 dxe5
30.Rd7 Ra8 31.Rxc7 a5 32.Rc6+ Kg5 33.Rd6 axb4 34.Rd1 Rc8 35.Rd2
b3 36.c3 Kf4 37.Ne2+ Ke4 38.Nc1 gxh3 39.gxh3 b4 40.Re2+ Kd5 41.Nxb3
bxc3 42.bxc3 Rxc3 43.Re3 Rc2 44.Ke1 f4 45.Rd3+ Ke4 46.Rd8 Kf3
47.Nd2+ Kg2 48.Rd3 Rc1+ 49.Ke2 Rh1 50.Nf3 Kxh3 51.Nxe5+ Kg2 52.Ng6 1-0

[Event "Challengers' Cup"]
[Site "Seattle, WA"]
[Date "2013.10.27"]
[Round "3"]
[White "He Daniel  (WA)"]
[Black "Collyer Curt  (WA)"]
[Result "0-1"]
[WhiteElo "2209"]
[BlackElo "2281"]
[Annotator ""]
[Source ""]
[Remark "Open"]

1.e4 b6 2.d4 Bb7 3.Nc3 e6 4.a3 d6 5.Bd3 Nd7 6.Nf3 g6 7.Qe2 a6
8.Bg5 Ne7 9.d5 e5 10.h4 h6 11.Bd2 Nf6 12.Nh2 c6 13.dxc6 Nxc6
14.Nf3 Bg7 15.O-O-O b5 16.Kb1 Rc8 17.a4 bxa4 18.Nxa4 O-O 19.c4
Nd4 20.Nxd4 exd4 21.b4 Nxe4 22.Bxe4 Re8 23.f3 f5 24.c5 fxe4 25.Qc4+
d5 26.Qb3 Kh7 27.h5 g5 28.f4 e3 29.Bc1 gxf4 30.Bb2 Re4 31.c6
Bxc6 32.Nc5 Qe7 33.Qc2 Kh8 34.Nxe4 Qxe4 35.Qxe4 dxe4 36.Rxd4
Bb5 37.Rc1 Bd3+ 38.Ka2 Rxc1 39.Rd8+ Kh7 40.Bxc1 Bc3 0-1

[Event "Challengers' Cup"]
[Site "Seattle, WA"]
[Date "2013.10.27"]
[Round "3"]
[White "Haining Kyle  (WA)"]
[Black "Sinanan Joshua  (WA)"]
[Result "0-1"]
[WhiteElo "2043"]
[BlackElo "2244"]
[Annotator ""]
[Source ""]
[Remark "Open"]

1.e4 Nf6 2.e5 Nd5 3.c4 Nb6 4.d4 d6 5.f4 dxe5 6.fxe5 Bf5 7.Be3
e6 8.Nc3 Nc6 9.Nf3 Bg4 10.Qd2 Qd7 11.h3 Bxf3 12.gxf3 O-O-O 13.O-O-O
Bb4 14.Qc2 Bxc3 ( 14...Bxc3 15.bxc3 Na5 16.c5 Nbc4 17.Bg5 Rde8
18.Bxc4 Nxc4 19.Qb3 Qd5 20.Rhg1 f6 21.exf6 gxf6 22.Bxf6 Rhf8
23.Rg5 Qxf3 24.Qxc4 Rxf6 25.Re5 Qxh3 26.c6 Qg2 27.cxb7+ Qxb7
28.Rb5 Qe4 29.Re5 Qf4+ 30.Kc2 Qh2+ 31.Rd2 Rf2 32.Rde2 Rxe2+ 33.Rxe2
Qd6 34.Re5 Kd7 35.Rh5 Re7 36.d5 e5 37.Rg5 Kc8 {0-1, Dizdarevic Mehmedalija (BIH) 2157 - Majer Damir (GER) 2285, Darmstadt (Germany) 1995}
) 15.Qxc3 Nxe5 16.Be2 Ng6 17.d5 f6 18.Qa5 Kb8 19.Rd3 exd5 20.Rhd1
Qc6 21.Kb1 d4 22.Bxd4 Rde8 23.Ra3 Rxe2 24.Qxa7+ Kc8 25.Be3 Nd5
26.Rxd5 Re1+ 27.Bc1 Rxc1+ 28.Kxc1 Qxc4+ 29.Kd2 Qxd5+ 30.Rd3 Qg5+
31.Kc2 c6 32.Qd4 Qd5 33.Qa7 Qc4+ 34.Kd2 Qa6 35.Qc5 Ne5 36.Rc3
Rd8+ 37.Kc2 Qa4+ 38.Rb3 Qc4+ 39.Qxc4 Nxc4 40.Rb4 Ne5 41.f4 Nd3
42.Ra4 Kc7 43.Re4 Rd7 44.b4 b5 45.a3 f5 46.Re3 Nxf4 47.Rf3 Nd5
48.Kb3 f4 49.a4 Re7 50.axb5 cxb5 51.Kb2 Re2+ 52.Kc1 g5 53.Rd3
Kc6 0-1

[Event "Challengers' Cup"]
[Site "Seattle, WA"]
[Date "2013.10.27"]
[Round "3"]
[White "Bragg David  (WA)"]
[Black "He Samuel  (WA)"]
[Result "1/2-1/2"]
[WhiteElo "2200"]
[BlackElo "2048"]
[Annotator ""]
[Source ""]
[Remark "Open"]

1.d4 d6 2.e4 Nf6 3.Nc3 c6 4.h3 Nbd7 5.Nf3 e5 6.Bc4 Be7 7.Be3
b5 8.Bd3 Qc7 9.O-O a6 10.Re1 ( 10.Ne2 d5 11.Ng3 dxe4 12.Bxe4
Nxe4 13.Nxe4 h6 14.Ng3 g6 15.dxe5 Bb7 16.Re1 O-O-O 17.Qc1 Nxe5
18.Nxe5 Qxe5 19.Bb6 Qd5 20.Bxd8 Bxd8 21.Qd1 f5 22.Qe2 f4 23.Nf1
Bb6 24.Qe6+ Qxe6 25.Rxe6 Kb8 26.Rd1 Bc7 27.b4 Ka7 28.Rd7 Kb8
29.Ree7 Rc8 30.Nd2 Ba8 31.Ne4 Bb6 32.Nd6 Rg8 33.Ne4 Rc8 34.Nc5
Bxc5 35.bxc5 Rg8 36.f3 Kc8 37.Ra7 Kb8 38.Rxa6 Bb7 39.Rb6 {1-0, Varta Jiri (CZE) - Boucek Vlastimil (CZE) 2050, Decin (Czech Republic) 1995}
) O-O 11.a4 Bb7 12.axb5 axb5 13.Rxa8 Rxa8 14.d5 b4 15.dxc6 Bxc6
16.Nd5 Bxd5 17.exd5 Nb6 {?} ( 17...e4 18.Bg5 exd3 19.Rxe7 dxc2
20.Qe1 Nxd5 {%02$19  From notes on White's scoresheet.} ) 18.Bxb6 1/2-1/2

[Event "Challengers' Cup"]
[Site "Seattle, WA"]
[Date "2013.10.27"]
[Round "4"]
[White "Chin Eugene  (WA)"]
[Black "Bayati Basil  (WA)"]
[Result "1-0"]
[WhiteElo "1334"]
[BlackElo "1225"]
[Annotator ""]
[Source ""]
[Remark "Reserve"]

1.e4 e5 2.Nf3 Nc6 3.d4 exd4 4.Nxd4 Nf6 5.Nc3 Bb4 6.Nxc6 Bxc3+
7.bxc3 bxc6 8.Bd3 h6 9.Ba3 d6 10.O-O O-O 11.Re1 Re8 12.e5 Nd5
13.c4 Nf4 14.exd6 Rxe1+ 15.Qxe1 cxd6 16.Rd1 Nh3+ 17.gxh3 Qg5+
18.Kh1 Bxh3 19.Qe4 f5 20.Qxc6 Rd8 21.Rg1 Qf4 22.Bf1 Bg4 23.Bg2
Qxf2 24.Qc7 Re8 25.Bb2 Re5 26.Bxe5 dxe5 27.Qxe5 Bf3 1-0

[Event "Challengers' Cup"]
[Site "Seattle, WA"]
[Date "2013.10.26"]
[Round "3"]
[White "Cherepakhin Olga  (WA)"]
[Black "Eken Winston  (WA)"]
[Result "0-1"]
[WhiteElo "1615"]
[BlackElo "1474"]
[Annotator ""]
[Source ""]
[Remark "Reserve"]

1.e4 e5 2.Nf3 Nc6 3.Bb5 a6 4.Ba4 Nf6 5.O-O b5 6.Bb3 Be7 7.Re1
d6 8.c3 Na5 9.Bc2 c5 10.h3 O-O 11.d4 cxd4 12.cxd4 Qc7 13.Nc3
Nc4 14.dxe5 dxe5 15.Nd5 Nxd5 16.exd5 Bd6 17.b3 Nb6 18.Bb2 f6
19.Qd3 g6 20.Rac1 Qd7 21.Bb1 Bb7 22.Red1 Nxd5 23.Nh4 Rad8 24.Qf3
Ne7 25.Be4 Bxe4 26.Qxe4 Qe6 27.f4 f5 28.Qe1 e4 29.Qc3 Kf7 30.Qg7+
Ke8 31.Qd4 Bc7 32.Qc3 Rxd1+ 33.Rxd1 Bxf4 34.g3 Bh6 35.Qc7 Qc6
36.Qe5 Be3+ 37.Kg2 Qc2+ 38.Kh1 Qxd1+ 39.Kh2 Qg1# 0-1

[Event "Challengers' Cup"]
[Site "Seattle, WA"]
[Date "2013.10.26"]
[Round "2"]
[White "Greninger Harley  (WA)"]
[Black "Zhang Brendan  (WA)"]
[Result "1/2-1/2"]
[WhiteElo "2163"]
[BlackElo "1731"]
[Annotator ""]
[Source ""]
[Remark "Open"]

1.d4 Nf6 2.c4 e6 3.g3 Bb4+ 4.Bd2 Bxd2+ 5.Qxd2 d5 6.Bg2 Nc6 7.cxd5
exd5 8.Nc3 O-O 9.e3 Bf5 10.Nge2 Ne7 11.O-O c6 12.b4 Nc8 13.a4
Nd6 14.b5 Rb8 15.Rfc1 Nc4 16.Qa2 Qe7 17.Nd1 Ne4 18.Nec3 Ned6 1/2-1/2

[Event "Challengers' Cup"]
[Site "Seattle, WA"]
[Date "2013.10.26"]
[Round "2"]
[White "Szabo Marcell  (WA)"]
[Black "Bragg David  (WA)"]
[Result "0-1"]
[WhiteElo "2108"]
[BlackElo "2200"]
[Annotator ""]
[Source ""]
[Remark "Open"]

1.e4 c6 2.d4 d5 3.exd5 cxd5 4.Bf4 Nc6 5.c3 g6 6.Bd3 Bg7 7.Nf3
Nh6 8.Qd2 Nf5 9.Na3 O-O 10.O-O-O a6 ( 10...a6 11.Ne5 f6 12.Nxc6
bxc6 13.h4 e5 14.dxe5 fxe5 15.Bg5 Qb6 16.Rdf1 e4 17.Be2 Be6 18.g4
e3 19.Bxe3 Nxe3 20.fxe3 c5 21.g5 Rfd8 22.h5 d4 23.exd4 cxd4 24.c4
d3 25.Bf3 Rac8 26.b3 Qd4 27.Kd1 Qa1+ {0-1, Thomson TAK - Rutherford William (SCO) 2176, Perth (England) 1997}
) 11.g4 Nd6 12.Rdg1 b5 13.h4 b4 14.Nc2 bxc3 15.bxc3 Qa5 16.a3
Ne4 17.Bxe4 dxe4 18.Ng5 e5 19.Be3 exd4 20.cxd4 Qd5 21.h5 h6 22.Nh3
Na5 23.Nf4 Nb3+ 24.Kd1 Nxd2 25.Nxd5 Nf3 26.Rg3 g5 27.Ke2 a5 28.Kf1
Rd8 29.Nc7 Rb8 30.a4 Rb2 31.Na3 Bxd4 32.Bxd4 Rxd4 33.Kg2 Nh4+
34.Kh3 f5 35.Rf1 f4 36.Rc3 Rd3+ 37.Rxd3 exd3 38.Re1 Re2 39.Rd1
Rxf2 40.Rxd3 Nf3 0-1

[Event "Challengers' Cup"]
[Site "Seattle, WA"]
[Date "2013.10.26"]
[Round "2"]
[White "Haining Breck  (WA)"]
[Black "Wu Ethan  (WA)"]
[Result "1-0"]
[WhiteElo "1395"]
[BlackElo "797"]
[Annotator ""]
[Source ""]
[Remark "Reserve"]

1.e4 e6 2.Nf3 d5 3.exd5 exd5 4.d4 Bd6 5.Nc3 Ne7 6.Bg5 Nbc6 7.Nxd5
f6 ( 7...f6 8.Nxe7 Qxe7+ 9.Be3 Bg4 10.Bb5 Bf4 11.O-O Bxe3 12.Re1
O-O 13.Rxe3 Qb4 14.Bxc6 bxc6 15.Rb3 Qd6 16.Re3 Rad8 17.c3 c5
18.Qb3+ Kh8 19.Rd1 Rd7 20.d5 c6 21.c4 Rfd8 22.h3 Bxf3 23.Rxf3
Qe5 24.Re3 Qf5 25.Rde1 h6 26.dxc6 Rc7 27.Re6 Rdc8 28.Re8+ Rxe8
29.Rxe8+ Kh7 30.Qa4 Qb1+ 31.Kh2 Qxb2 32.Ra8 Qb6 33.Qc2+ g6 34.Qe4
Qxc6 35.Qe8 Qxe8 36.Rxe8 g5 {1/2-1/2, Gavala Stefan - Slovik Vojtech (SVK) 1925, Bratislava (Slovakia) 1994}
) 8.Bxf6 Rf8 ( 8...gxf6 ) 9.Nxe7 Bxe7 10.Bxe7 ( 10.Bxg7 ) Qxe7+
11.Qe2 Bg4 12.Qxe7+ Nxe7 13.Be2 O-O-O 14.O-O-O Nc6 15.c3 Rde8
16.Rhe1 a6 17.h3 Be6 18.d5 Bd7 19.dxc6 Bxc6 20.Rd2 Kb8 21.Bf1
Rd8 22.Rxd8+ Rxd8 23.Nd4 Be8 24.Rd1 Ka8 25.Ne6 Rxd1+ 26.Kxd1
Bf7 27.Nxg7 Bxa2 28.c4 Bb1 29.Kd2 Bg6 30.f4 c6 31.f5 Bf7 32.Bd3
b5 33.cxb5 cxb5 34.b4 Ka7 35.g4 Kb6 36.Ne6 a5 37.bxa5+ Kxa5 38.Kc3
Ka4 39.Kb2 Be8 40.Nc7 Bc6 41.Bxb5+ Bxb5 42.Nxb5 Kxb5 43.f6 1-0

[Event "Challengers' Cup"]
[Site "Seattle, WA"]
[Date "2013.10.26"]
[Round "2"]
[White "Norovsambuu Badamkhand  (WA)"]
[Black "He Daniel  (WA)"]
[Result "0-1"]
[WhiteElo "2080"]
[BlackElo "2209"]
[Annotator ""]
[Source ""]
[Remark "Open"]

1.d4 Nf6 2.c4 e6 3.Nc3 Bb4 4.Qc2 Nc6 5.Nf3 d6 6.a3 Bxc3+ 7.Qxc3
O-O 8.e3 Qe7 9.b4 a5 {?!} 10.b5 Nb8 11.Bd3 Nbd7 12.Bb2 Re8 13.O-O
b6 14.a4 Bb7 15.Ba3 e5 16.Nxe5 Nxe5 17.dxe5 Qxe5 18.Qxe5 Rxe5
19.Bb2 Rg5 20.f3 Nd7 21.Kf2 Rh5 22.h3 Rd8 23.Rfd1 Nc5 24.Bc2
Bc8 25.Rd5 Rh6 26.e4 Rf8 27.Rad1 Be6 28.R5d4 f5 29.Ba3 fxe4 30.Bxc5
e3+ 31.Kxe3 bxc5 32.Re4 Bf5 33.Rd2 Bxe4 34.Bxe4 Re8 35.Kd3 Rf6
36.Re2 Kf8 37.Rb2 Rb8 38.Re2 h5 39.Bc6 g5 40.Be4 Re6 41.Rb2 Kg7
42.Rb1 Kf6 43.Rd1 Re5 44.Rb1 g4 45.hxg4 hxg4 46.Rh1 gxf3 47.gxf3
Rg5 48.Rh6+ Kf7 49.Ke3 Rg7 50.Bc6 Rf8 51.Bd7 Ke7 52.Bg4 Rg5 53.Rh7+
Rf7 54.Rh8 Re5+ 55.Kd3 Rf4 56.Rc8 Rd4+ 57.Kc3 Re3+ 58.Kc2 Rxc4+
59.Kd2 Ra3 60.Rxc7+ Kf6 61.b6 Rb4 62.b7 Rb2+ 63.Kc1 Rab3 64.Bc8
Ke5 65.f4+ Kd4 66.Kd1 Ke3 67.f5 Rd2+ 68.Ke1 Rb1# 0-1

[Event "Challengers' Cup"]
[Site "Seattle, WA"]
[Date "2013.10.26"]
[Round "3"]
[White "Anthony Ralph  (WA)"]
[Black "Buzek Jan  (WA)"]
[Result "1/2-1/2"]
[WhiteElo "1730"]
[BlackElo "1517"]
[Annotator ""]
[Source ""]
[Remark "Reserve"]

1.e4 e5 2.Nf3 Nc6 3.Bb5 a6 4.Ba4 Nf6 5.O-O Nxe4 6.d4 b5 7.Bb3
d5 8.dxe5 Be6 9.c3 Bc5 10.Bf4 O-O 11.Nd4 Bxd4 12.cxd4 f6 13.Nc3
( 13.Nc3 fxe5 14.Bxe5 Nxc3 15.bxc3 Qd7 16.a4 Rae8 17.axb5 axb5
18.Bg3 Rf6 19.Re1 Ref8 20.Qd3 b4 21.cxb4 Nxb4 22.Qc3 Qb5 23.Be5
Rxf2 24.Qg3 R2f7 25.Bxc7 Nd3 {0-1, Glagolev Boris (RUS) 2011 - Panush Viktor (MDA) 2196, Moscow (Russia) 1996}
) Nxc3 14.bxc3 fxe5 15.Bxe5 Nxe5 16.dxe5 c6 17.Bc2 Bf5 18.Bxf5
Rxf5 19.f4 c5 20.Qd3 Qd7 21.Rad1 Rd8 22.g4 Rff8 23.f5 Qa7 24.Qe3
d4 25.cxd4 Rxd4 26.Rxd4 cxd4 27.Qb3+ Rf7 28.Qd5 Qd7 29.Qa8+ Rf8
30.Qxa6 d3 31.Qe6+ Qxe6 32.fxe6 Re8 33.Kf2 Rxe6 34.Ke3 Rxe5+
35.Kxd3 Re7 36.Rf5 Ra7 37.Rf2 Ra4 38.Rb2 Kf7 39.Rf2+ Ke6 40.Re2+
Kd5 41.Rb2 Ra3+ 42.Rb3 Rxa2 43.Rxb5+ Ke6 44.Rh5 Rg2 45.h3 h6
46.Ke4 Kf6 47.Kf3 Rh2 48.Kg3 Rh1 49.Kg2 Re1 50.Rf5+ Ke6 51.Kf2
Re5 52.Rf8 Ke7 53.Rg8 Kf7 54.Ra8 h5 55.Ra6 hxg4 56.hxg4 Re6 57.Ra5
g6 58.Kg3 Re4 59.g5 Ke6 60.Kf3 1/2-1/2

[Event "Challengers' Cup"]
[Site "Seattle, WA"]
[Date "2013.10.27"]
[Round "3"]
[White "Robeal Rafik  (WA)"]
[Black "Szabo Marcell  (WA)"]
[Result "0-1"]
[WhiteElo "1753"]
[BlackElo "2108"]
[Annotator ""]
[Source ""]
[Remark "Open"]

1.e4 c5 2.Nf3 d6 3.d4 cxd4 4.Nxd4 Nf6 5.Nc3 g6 6.f3 Bg7 7.Be3
O-O 8.Qd2 Nc6 9.O-O-O d5 10.Nxc6 bxc6 11.Bh6 Be6 12.Bxg7 Kxg7
13.e5 Nd7 14.h4 h5 15.Qg5 f6 ( 15...Qc7 16.Re1 Rab8 17.Qxe7 c5
18.Bb5 d4 19.Nd5 Qb7 20.Nf4 Qxb5 21.Nxe6+ Kg8 22.Nxf8 Qxb2+ 23.Kd1
d3 24.cxd3 Qxa2 {0-1, Blatov Igor (RUS) 2324 - Utnasunov Alexander (RUS) 2293, Toljatti (Russia) 2001}
) 16.exf6+ exf6 17.Qf4 Ne5 18.Be2 Qc7 19.Kb1 Rab8 20.g4 Rxb2+
21.Kxb2 Nc4+ 22.Bxc4 Qxf4 23.Bb3 Qxf3 24.gxh5 Qxh5 25.Rde1 Bf5
26.Ne2 Be4 27.Rhg1 c5 28.Ng3 Qe5+ 29.Kb1 Rb8 30.Nxe4 dxe4 31.c4
Qc3 32.Rc1 Qd3+ 33.Kb2 a5 34.Rgd1 Qg3 35.Kc2 e3 36.Rd7+ Kh6 37.Re7
Qh2+ 0-1